Catálogo

Vista normal Vista MARC

Entrada Personal Name

Número de registros utilizados en: 1

001 - CONTROL NUMBER

  • control field: 5298

003 - CONTROL NUMBER IDENTIFIER

  • control field: DLC

005 - DATE AND TIME OF LATEST TRANSACTION

  • control field: 20250217091019.0

008 - FIXED-LENGTH DATA ELEMENTS

  • fixed length control field: 170817 a|ac|n|aab||||||||||||a |n|||||||

010 ## - LIBRARY OF CONGRESS CONTROL NUMBER

  • LC control number: 2011056605

040 ## - CATALOGING SOURCE

  • Original cataloging agency: DLC
  • Language of cataloging: spa
  • Description conventions: rda
  • Transcribing agency: Mx-PuUPA
  • Modifying agency: DLC
  • Modifying agency: Mx-PuUPA

046 ## - SPECIAL CODED DATES

  • Birth date: 1978-

100 1# - HEADING--PERSONAL NAME

  • Personal name: Silva, Ignacio,
  • Dates associated with a name: 1978-

374 ## - OCCUPATION

  • Occupation: Autor

375 ## - GENDER

  • Gender: hombre
  • Start period: 1978

377 ## - ASSOCIATED LANGUAGE

  • Language code: eng
  • Source of code: MARC code list

400 1# - SEE FROM TRACING--PERSONAL NAME

  • Personal name: Silva Regueira, José Ignacio,
  • Dates associated with a name: 1978-

400 1# - SEE FROM TRACING--PERSONAL NAME

  • Personal name: Regueira, José Ignacio Silva,
  • Dates associated with a name: 1978-

670 ## - SOURCE DATA FOUND

  • Source citation: Cara B, 2011:
  • Information found: t.p. (Ignacio Silva) flap (José Ignacio Silva Regueira; b. 1978, Carballo; short story writher, novelist)

670 ## - SOURCE DATA FOUND

  • Source citation: LC data base, Aug. 18, 2011:
  • Information found: (MLC hdg.: Silva Regueira, José Ignacio, 1978- )

670 ## - SOURCE DATA FOUND

  • Source citation: Biblioteca del Congreso (Estados Unidos), 17 agosto 2017:
  • Information found: catálogo electrónico
  • Uniform Resource Identifier: https://goo.gl/oQELNF